000 01351nam a2200349 a 4500
001 000112148
003 CHAP
005 20220329144248.0
008 151208s2015 mx a fsm |||||||spa d
010 _a108609
011 _a109581
040 _cCHAP
090 _aTesis
100 1 _aGómez Intzin, Cinthia Nallely
_9130304
245 1 0 _aProyecto ejecutivo para tecnificación de la Unidad de Riego Las Alazanas en el municipio de Puruándiro, Estado de Michoacán /
_h[En línea]
_cpor Cinthia Nallely Goméz Intzin y Alejandro Vázquez Tesillos.
260 _aChapingo, Méx. :
_bEl autor,
_c2015.
500 _aPara ver el contenido del material haga clic en la liga
502 _aTesis (Ing. en Irrigación) -- UACH. Departamento de Irrigación
590 _aE5765TAJ
_b05
_c20170911
_lUCH01
_h1121
590 _aE6096MTM
_b05
_c20151208
_lUCH01
_h1108
590 _aE6096MTM
_b05
_c20151208
_lUCH01
_h1112
590 _aE6096MTM
_b05
_c20151208
_lUCH01
_h1327
650 1 4 _aAgua
_xDistribución.
_92366
650 1 4 _aIrrigación
_xProyectos
_xMichoacán.
_960459
650 1 4 _aRed de riego.
_995350
650 1 4 _aUnidad de Riego las Alazanas, Mich.
_9130306
700 1 _aVázquez Tesillos, Alejandro
_9130305
856 _aFinding aid
_uhttp://10.13.5.2/tesis/sist112148.pdf
_zTeclea aquí
901 _aBK
942 _cTESIS
942 _n0
999 _c108609
_d108609